[Event "MAGISTRAL ALBERTO LOMBARDI 0 CMUN 2025"]
[Site "Rio de Janeiro"]
[Date "2025.10.09"]
[Round "4.5"]
[White "De Moura Silva, Guilherme"]
[Black "Leus, Lucas Resende"]
[Result "1-0"]
[WhiteElo "1968"]
[BlackElo "1865"]
[Annotator "Chessbase - SF 17.1"]
[PlyCount "47"]
[EventDate "2025.??.??"]

{[%evp 0,47,30,28,51,51,71,40,40,48,48,29,24,26,38,50,48,50,43,-33,14,34,4,-5,18,27,46,49,51,51,56,60,62,65,72,39,269,250,471,467,469,464,464,415,411,415,478,455,480,414]} 1. e4 c5 2. Nf3 e6 3. d4 cxd4 4. Nxd4 Nf6 5. Nc3 Nc6 6. Be2 Bb4 7. O-O Bxc3 8. bxc3 Nxe4 9. Bd3 Nc5 10. Qg4 Kf8 $6 {Inaccuracy. g6 was best.} (10... g6 11. Nxc6) 11. Ba3 d6 12. Nxc6 bxc6 13. Bxc5 dxc5 14. Rfd1 $146 (14. Bc4 Qe7 15. Qe4 g6 16. Rab1 Qc7 17. Qe3 Qe7 18. f4 f6 19. Rfe1 Kg7 20. Qf3 Re8 21. Qxc6 Bd7 22. Qf3 Rab8 23. Rbd1 Rb6 24. h4 Bc8 25. Qd3 Qc7 26. Qg3 Bb7 27. h5 Re7 28. Qh4 Rd6 {Hrebenshchykova,Y (2335)-Parvanyan,A (2140) Munich GER 2023 1-0 (33)}) 14... Qe7 15. Rab1 $6 {Inaccuracy. Qh5 was best.} (15. Qh5) 15... g6 16. Qa4 Qc7 17. Be4 Bb7 $4 {Blunder. Rb8 was best.} (17... Rb8) 18. Rxb7 Rd8 19. Rxd8+ Qxd8 20. Bd3 Kg7 21. Qxa7 Rf8 22. Qxc5 Qa8 23. Qa7 Qd8 24. Qd4+ {1-0 White wins. PRECISÃO: BRANCAS 96% PRETAS 81%} 1-0

[Event "MAGISTRAL ALBERTO LOMBARDI 0 CMUN 2025"]
[Site "Rio de Janeiro"]
[Date "2025.10.13"]
[Round "5.1"]
[White "Bastos Pinto, Selmo"]
[Black "Bezerra, Natacio Goncalves"]
[Result "1-0"]
[WhiteElo "2066"]
[BlackElo "1926"]
[Annotator "Chessbase - SF 17.1"]
[PlyCount "75"]
[EventDate "2025.??.??"]

{[%evp 0,75,30,34,16,28,29,38,66,18,55,27,20,18,41,4,12,31,46,-20,18,-54,38,-43,43,33,54,29,92,83,118,70,101,101,127,136,151,104,98,94,111,100,106,100,130,43,128,120,123,117,322,201,201,119,164,164,172,124,190,118,266,382,382,499,499,519,519,501,536,536,982,1206,1535,29982,29983,29984,29993,29994]} 1. d4 d5 2. Bf4 Nf6 3. e3 c5 4. Nf3 Nc6 5. c3 Qb6 6. b3 cxd4 7. exd4 h6 $146 (7... Bf5 8. Bd3 Bg6 (8... Bxd3 9. Qxd3 e6 10. Nbd2 Be7 11. O-O (11. h3 Rc8 12. O-O O-O 13. Rfe1 Rfe8 14. Rac1 a5 15. Ne5 Nxe5 16. Bxe5 Nd7 17. Bg3 Rc6 18. f4 Qa6 19. Qf3 f5 20. Re3 a4 21. Rce1 axb3 22. axb3 {Bozilov,D (1981)-Kracht,R (2196) Reykjavik ISL 2025 0-1 (67)}) 11... O-O 12. Rfe1 Rfc8 (12... Rfd8 13. h3 Rac8 14. g4 a6 15. Nf1 Qa7 16. Ng3 b5 17. b4 Qb7 18. a4 Ra8 19. Ra2 Ra7 20. Rea1 Rda8 21. Ne5 bxa4 22. Rxa4 {Ceschia,I (2211)-Mazzi,L (1976) Nova Gorica SLO 2025 0-1 (38)}) 13. h3 a5 14. a4 Qa6 15. Qb1 b5 16. axb5 Qxb5 17. Ra4 Ne8 18. Qa1 Qb7 19. Qb1 Qb5 20. Qa1 Qb7 21. Ne5 Nxe5 22. Bxe5 {Ceschia,I (2211)-Pirvulescu,E (2043) Nova Gorica SLO 2025 ½-½ (64)}) 9. O-O e6 10. b4 Be7 11. a4 O-O 12. Bxg6 hxg6 13. Qd3 Rac8 14. Nbd2 Qd8 15. Rfe1 Nh5 16. Be3 Bd6 17. Rac1 Ne7 18. g3 Nf6 19. Bg5 Nh7 20. h4 Qd7 21. b5 Nf5 22. Kg2 {Mamedyarov,S (2804)-Kiewra,K (2382) Chess.com INT 2018 ½-½ (72)}) 8. Bd3 g5 9. Be3 Ng4 10. O-O Bg7 11. h3 $2 {Mistake. Bc1 was best.} (11. Bc1 O-O 12. h3 Nf6 13. Re1 g4 14. hxg4 Nxg4 15. Ba3 Re8 16. Nbd2 Qc7) 11... Nf6 $4 {Blunder. Nxe3 was best.} (11... Nxe3 12. fxe3) 12. Ne5 Qc7 $6 {Inaccuracy. Ne4 was best.} (12... Ne4) 13. f4 gxf4 $6 {Inaccuracy. g4 was best.} (13... g4 14. hxg4 Nxe5 15. dxe5 Nxg4 16. Bd4 h5 17. Qe2 Nh6 18. Na3 Bg4 19. Qe3) 14. Bxf4 Qb6 15. Nxc6 $6 {Inaccuracy. Nd2 was best.} (15. Nd2 Nxe5 16. Bxe5 Be6 17. Kh1 Rg8 18. Rc1 Rc8 19. Bh2 Qa5 20. c4 Qxa2) 15... bxc6 16. Be5 Be6 17. Nd2 Rg8 18. Bf5 c5 19. Qe2 $6 {Inaccuracy. Qf3 was best.} (19. Qf3 Bxf5 20. Qxf5 cxd4 21. Bxd4 Qe6 22. Rae1 Qxf5 23. Rxf5 Kd7 24. c4 Rac8) 19... Bxf5 20. Rxf5 Qe6 21. Raf1 $6 {Inaccuracy. Qf1 was best.} (21. Qf1 cxd4 22. Bxf6 dxc3 23. Bxg7 Rxg7 24. Nb1 d4 25. Na3 Rd8 26. Rd1 Rg5) 21... Nd7 22. Qg4 f6 $2 {Mistake. Qg6 was best.} (22... Qg6) 23. Bf4 O-O-O $6 {Inaccuracy. cxd4 was best.} (23... cxd4 24. c4 dxc4 25. Nxc4 Bh8 26. Qh5+ Kd8 27. Qf3 Rc8 28. Rd5 Qc6 29. Bd2) 24. c4 dxc4 $6 {Inaccuracy. Qa6 was best.} (24... Qa6 25. cxd5 Qd3 26. dxc5 Bh8 27. Qh5 Ne5 28. d6 exd6 29. cxd6 Qxd6 30. Kh2) 25. d5 Qa6 26. Qe2 Ne5 27. Bxe5 fxe5 28. Nxc4 Rxd5 $2 {Mistake. e6 was best.} (28... e6) 29. Qg4 Rd7 $6 {Inaccuracy. Rd4 was best.} (29... Rd4 30. R5f4+ Kd8 31. Rxd4+ cxd4 32. Rf7 Qxa2 33. Rxg7 Rxg7 34. Qxg7 Qxb3 35. Qf8+) 30. Rf7 h5 31. Qe4 Qb7 32. Qh7 Rdd8 33. Rxg7 Rge8 34. Qf5+ e6 $6 {Inaccuracy. Kb8 was best.} (34... Kb8 35. Qxe5+ Qc7 36. Qe6 h4 37. Rg5 Rd4 38. Rg8 Red8 39. Rxd8+ Rxd8 40. Qe3) 35. Qxe5 Qc6 $2 {Checkmate is now unavoidable. Qxg7 was best.} (35... Qxg7 36. Qxg7 Rd7 37. Rf7 Red8 38. Rxd7 Rxd7 39. Qf8+ Kb7 40. Kh2 h4 41. Qxc5) 36. Rff7 Rd1+ 37. Kh2 Kd8 38. Qb8+ {1-0 White wins. PRECISÃO: BRANCAS 93% PRETAS 84%} 1-0

[Event "MAGISTRAL ALBERTO LOMBARDI 0 CMUN 2025"]
[Site "Rio de Janeiro"]
[Date "2025.10.13"]
[Round "5.2"]
[White "Santos Filho, Tadeu Sousa"]
[Black "Manzi, Luiz Antonio Bardar"]
[Result "0-1"]
[WhiteElo "2023"]
[BlackElo "2058"]
[Annotator "Chessbase - SF 17.1"]
[PlyCount "72"]
[EventDate "2025.??.??"]

{[%evp 0,72,28,28,66,72,87,64,64,32,32,25,25,34,16,6,31,17,16,8,12,-20,-2,-47,23,0,-6,-14,12,6,17,0,36,7,3,-17,-14,-51,-2,-25,-25,-16,33,-22,10,15,54,45,39,-10,54,50,44,29,31,31,31,41,41,52,50,43,192,79,144,75,203,135,143,-276,-234,-277,-296,-1036,-1083]} 1. e4 c5 2. Nf3 d6 3. d4 cxd4 4. Nxd4 Nf6 5. Bd3 Nc6 6. Nxc6 bxc6 7. O-O g6 8. b3 Bg7 9. Bb2 O-O 10. Nc3 Qc7 (10... Nd7 11. Na4 Bxb2 12. Nxb2 a5 13. Re1 Ba6 14. Bxa6 Rxa6 15. a4 Ra8 16. Qd2 Qc7 17. h4 f6 18. Rad1 Ne5 19. Qe2 f5 20. Nc4 Nxc4 21. Qxc4+ Kg7 22. e5 dxe5 23. Qc3 Rad8 24. Rxd8 Rxd8 25. Rxe5 {Matlakov,M (2673)-Giri,A (2775) chess.com INT 2023 ½-½ (64)}) (10... d5 11. Re1 Qc7 12. h3 dxe4 13. Bxe4 Nxe4 14. Rxe4 Bb7 15. Qe1 e6 16. Na4 Bxb2 17. Nxb2 c5 18. Re5 Rfd8 19. c4 Rd4 20. Na4 Rad8 21. Nxc5 Ba8 22. Na4 Qb7 23. f3 Qe7 24. Qf2 Qf6 25. Rae1 {Akkarakaran,J (2351)-Khubukshanov,E (2489) Abu Dhabi UAE 2025 ½-½ (40)}) 11. Re1 $146 (11. Na4 d5 12. Qe2 Ng4 13. f4 Bxb2 14. Nxb2 e5 15. h3 Nf6 16. Qf3 Qb6+ 17. Kh1 Qd4 18. c3 Qxc3 19. fxe5 Nxe4 {0-1 (19) Perez Gormaz,M (2390)-Zhou Jianchao (2581) Philadelphia USA 2024}) (11. Qe1 e5 12. Na4 Re8 13. h3 Nd7 14. Rd1 Bb7 15. Bc4 Nf6 16. Bd3 Nd7 17. Ba3 Bf8 18. Qc3 Rac8 19. Be2 Nb6 20. Nb2 d5 21. Bxf8 Rxf8 22. Nd3 d4 23. Qc5 Nd7 24. Qa3 c5 25. Bf3 Rfe8 {Harvey,M (2454)-Martinez Alcantara,J (2591) Chess.com INT 2022 1-0 (80)}) 11... e5 12. Bc4 Be6 $6 {Inaccuracy. Bb7 was best.} (12... Bb7) 13. Bxe6 fxe6 14. Qe2 (14. Na4 Rf7 15. f3 g5 16. Qe2 Nh5 17. g3 Raf8 18. Rf1 Nf6 19. Rad1 h5 20. Ba3 c5 21. Nc3 Qc6) 14... Nh5 15. g3 d5 (15... Rf7 16. Na4 Raf8 17. Rf1 Nf6 18. f3 d5 19. Ba3 Re8 20. Kg2 Nd7 21. Rae1 c5 22. Qa6 Bf8 23. Nb2) 16. Ba3 (16. Na4 Rae8 17. Rad1 Nf6 18. f3 Rf7 19. Kg2 c5 20. exd5 exd5 21. Bxe5 Rfe7 22. f4 Qc6 23. Qf3 g5) 16... Rf7 17. Bc5 (17. f3 Bf8 18. Bb2 d4 19. Nb1 Bb4 20. Rf1 c5 21. Na3 Bxa3 22. Bxa3 c4 23. Qxc4 Qxc4 24. bxc4 Rc8) 17... Bf8 18. Na4 Qa5 19. Bxf8 Raxf8 20. Rf1 d4 $6 {Inaccuracy. Nf6 was best.} (20... Nf6 21. f3 Nd7 22. Kg2 g5 23. h3 h5 24. Nb2 Qc3 25. Na4 Qb4 26. Nb2) 21. Rae1 $6 {Inaccuracy. Qc4 was best.} (21. Qc4 Nf6 22. Nc5 Rb8 23. Nxe6 Nxe4 24. Qxc6 Nd2 25. Ng5 Re7 26. Rfd1 Qc3) 21... Rf3 $6 {Inaccuracy. Nf6 was best.} (21... Nf6 22. Nb2) 22. Rd1 $6 {Inaccuracy. Nb2 was best.} (22. Nb2 Qc7) 22... Qd8 23. Rd3 R3f7 24. Qg4 $6 {Inaccuracy. c3 was best.} (24. c3) 24... Qf6 $2 {Mistake. Nf6 was best.} (24... Nf6 25. Qe2 h5 26. Rf3 g5 27. Nc5 g4 28. Rd3 Qe7 29. b4 Nh7 30. h4 gxh3 31. Qxh5 h2+ 32. Kg2) 25. Nc5 $6 {Inaccuracy. c3 was best.} (25. c3 Qe7 26. cxd4 Nf6 27. Qe2 Nd7 28. Qe3 Nf6 29. Qg5 exd4 30. Rxd4 e5) 25... Ng7 $6 {Inaccuracy. Qe7 was best.} (25... Qe7 26. b4 a5 27. c3 dxc3 28. a3 axb4 29. axb4 Rb8 30. Rxc3 Nf6 31. Qxe6 Qxe6 32. Nxe6 Nxe4 33. Rxc6) 26. h4 (26. Qe2 h5 27. c3 h4 28. cxd4 exd4 29. e5 Qg5 30. b4 Rd8 31. f4 Qh6 32. Ne4 Nf5 33. Ng5 Ne3) 26... Qe7 27. b4 a5 28. a3 axb4 29. axb4 Rb8 30. Rb3 (30. Ra3 Rxb4 31. Nd3 Rb8 32. Ra5 Rff8 33. Kg2 c5 34. Rxc5 Rbc8 35. Rxc8 Rxc8 36. Rb1 Rxc2) 30... Qa7 $2 {Mistake. Ne8 was best.} (30... Ne8 31. Nd3 Nf6 32. Qg5 Rb5 33. Re1 Qa7 34. Rbb1 Kg7 35. Ra1 Qc7 36. Ra8) (30... Qf6 31. Nd3 Ne8 32. Ra3 Nd6 33. Ra6 Rc8 34. h5 Nc4 35. Rfa1 Kg7 36. Kh1 Kh6 37. hxg6 Qxg6 38. Qh4+) 31. Nd3 Qa2 32. Qe2 c5 $6 {Inaccuracy. Rb5 was best.} (32... Rb5 33. Rc1 Ne8 34. Qd1 Qa7 35. Ra1 Qd7 36. Ra8 Kg7 37. Rba3 Nf6 38. Qe2) 33. Nxc5 Rc7 34. Rc1 $4 {Blunder. Rfb1 was best.} (34. Rfb1 Ne8 35. R3b2 Qa3 36. Na6 d3 37. Qxd3 Rc3 38. Qe2 Rbc8 39. Nc5 Rxg3+) 34... Rxc5 35. bxc5 Rxb3 36. Qc4 $4 {Blunder. Qf1 was best.} (36. Qf1 Rb8 37. c3 Qd2 38. cxd4 exd4 39. Qc4 d3 40. c6 Rf8 41. Rf1 Qe2) 36... Rxg3+ {0-1 Black wins. PRECISÃO: BRANCAS 75% PRETAS 90%} 0-1

[Event "MAGISTRAL ALBERTO LOMBARDI 0 CMUN 2025"]
[Site "Rio de Janeiro"]
[Date "2025.10.13"]
[Round "5.3"]
[White "Frolov, Ivan"]
[Black "De Moura Silva, Guilherme"]
[Result "0-1"]
[WhiteElo "2059"]
[BlackElo "1968"]
[Annotator "Chessbase - SF 17.1"]
[PlyCount "80"]
[EventDate "2025.??.??"]

{[%evp 0,80,18,8,10,9,15,15,22,0,27,-16,-13,-6,-28,-13,-5,-5,-5,-23,-24,-23,21,5,-1,-60,-81,-82,-24,-86,29,8,46,-17,78,23,32,32,36,93,101,108,101,103,94,-68,-47,-7,-27,-27,0,-51,0,0,0,0,12,11,10,-86,-61,-121,-65,-71,-65,-125,-110,-116,-99,-594,-581,-581,-629,-631,-659,-722,-733,-800,-798,-824,-832,-634,-841]} 1. a3 d5 2. d4 Nf6 3. Nf3 e6 4. e3 c5 5. dxc5 Bxc5 6. b4 Be7 7. Bb2 (7. c4 a5 8. b5 Nbd7 9. Nbd2 a4 {[%csl Ge5]}) 7... O-O 8. c4 (8. Nbd2 b6 9. Be2 a5 10. Qb1 h6 11. O-O Bb7 12. Rc1) 8... a5 9. b5 Nbd7 10. Nbd2 a4 $146 ({RR} 10... Nc5 11. Qc2 b6 12. Ng5 h6 13. h4 hxg5 14. hxg5 Nfe4 15. Nxe4 dxe4 16. Rd1 Qe8 17. Bf6 Bxf6 18. gxf6 g6 19. f3 Nd7 20. Qxe4 Nxf6 21. Qxa8 Qe7 22. Qb8 Qxa3 23. Qe5 Nh5 24. Rxh5 f6 25. Qg3 {Paschall,W (2353)-Adams,N (2218) Budapest 2007 1-0}) 11. Rc1 Nc5 12. Ne5 $4 {Blunder. Be2 was best.} (12. Be2) 12... Nfe4 13. Rc2 Bd6 $6 {Inaccuracy. Nxd2 was best.} (13... Nxd2) 14. Nxe4 $6 {Inaccuracy. cxd5 was best.} (14. cxd5 Nxd2) 14... Nxe4 $4 {Blunder. dxe4 was best.} (14... dxe4 15. Be2 Qe7 16. f4 Rd8 17. Bd4 Nb3 18. O-O Bxa3 19. c5 f6 20. Nc4) 15. Bd3 f5 $4 {Blunder. Nc5 was best.} (15... Nc5 16. O-O Qe7 17. Be2 Nb3 18. Bd3 Bxa3 19. Bxa3 Qxa3 20. Qh5 f5 21. cxd5) 16. Bxe4 $6 {Inaccuracy. cxd5 was best.} (16. cxd5 Qa5+) 16... dxe4 $4 {Blunder. fxe4 was best.} (16... fxe4) 17. O-O $6 {Inaccuracy. Rd2 was best.} (17. Rd2 Qa5 18. O-O Be7 19. Qc1 Rd8 20. Rfd1 Rxd2 21. Rxd2 Qc7 22. Qa1 Bf6) 17... Qc7 18. Qd4 Rd8 $2 {Mistake. Bxe5 was best.} (18... Bxe5 19. Qxe5) 19. Rd1 Be7 20. Nd7 e5 21. Qd5+ Kh8 22. Bxe5 $4 {Blunder. Rcd2 was best.} (22. Rcd2) 22... Qxd7 23. Bxg7+ Kxg7 24. Qe5+ Bf6 25. Qg3+ Kf7 26. Rxd7+ Rxd7 27. f3 Rd1+ 28. Kf2 Be6 29. c5 $2 {Mistake. fxe4 was best.} (29. fxe4 fxe4 30. Qf4 h5 31. Qxe4 Rad8 32. Qh7+ Kf8 33. Qh6+ Kf7) 29... Rad8 $6 {Inaccuracy. Rg8 was best.} (29... Rg8) 30. c6 $6 {Inaccuracy. Qc7+ was best.} (30. Qc7+) 30... bxc6 31. bxc6 exf3 $6 {Inaccuracy. Bc4 was best.} (31... Bc4 32. Qc7+ Kg6 33. Kg3 Bb3 34. Rf2 Re8 35. Qa5 exf3 36. gxf3 Rxe3 37. c7) 32. gxf3 R8d2+ 33. Rxd2 Rxd2+ 34. Ke1 $4 {Blunder. Kg1 was best.} (34. Kg1 Rd3 35. Qc7+ (35. c7 Rc3 36. Qh3 Rc1+ 37. Kg2 Rc2+ 38. Kg1 Rc1+) 35... Be7 36. Qf4 Rxa3 37. Qh6 Bf6 38. Qxh7+ Ke8 39. Qg6+ Ke7 40. Qh7+) 34... Bc3 35. Kf1 Bc4+ 36. Kg1 Rd1+ 37. Kg2 Bf1+ 38. Kg1 Bh3+ 39. Kf2 Be1+ 40. Ke2 Bxg3 0-1

[Event "MAGISTRAL ALBERTO LOMBARDI 0 CMUN 2025"]
[Site "Rio de Janeiro"]
[Date "2025.10.13"]
[Round "5.4"]
[White "Nogueira, Adnilton Correia De"]
[Black "Lopes, Eduardo Moraes"]
[Result "0-1"]
[WhiteElo "1638"]
[BlackElo "1913"]
[Annotator "Chessbase - SF 17.1"]
[PlyCount "64"]
[EventDate "2025.??.??"]

{[%evp 0,64,28,28,29,16,40,25,33,15,19,21,21,1,-8,-9,-26,-21,-4,0,-14,-12,-3,-42,-14,-15,-6,-66,-32,-49,-36,-58,-48,-95,-93,-92,-104,-116,-68,-170,-53,-55,-47,-48,-13,-13,-13,-41,-32,-46,-59,-59,-106,-162,-58,-58,4,-7,-51,-53,-50,-61,-34,-91,-10,-9,-18]} 1. d4 Nf6 2. Nf3 g6 3. g3 Bg7 4. Bg2 O-O 5. Nc3 (5. Kf1 c6 6. c4 d6 7. Nc3 Nbd7 8. h3 e5 9. e3 Re8 10. Kg1 a6 11. a4 e4 12. Nd2 d5 13. Qb3 Nf8 14. c5 h5 15. a5 h4 16. g4 N6h7 17. Qb6 Qe7 18. f4 exf3 19. Nxf3 f5 {Fridman,D (2569)-Movsesian,S (2624) Playchess.com INT 2005 1-0 (36)}) 5... d5 6. Bg5 (6. h4 c5 7. Bf4 Nc6 8. e3 Bg4 9. Qd2 Ne4 10. Nxe4 dxe4 11. Ne5 Bf5 12. Nxc6 bxc6 13. c3 cxd4 14. exd4 Qd5 15. Be3 Rfd8 16. O-O e5 17. Rfd1 exd4 18. Bxd4 Rab8 19. b3 c5 20. Be3 Qxd2 {Nugroho,A (1907)-Slaby,J (2464) chess.com INT 2025 0-1}) 6... Ne4 7. Bf4 $146 (7. O-O Nxg5 8. Nxg5 e5 9. Nf3 e4 (9... exd4 10. Nxd4 c5 11. Nb3 d4 12. Nd5 Qd6 13. e3 Nc6 14. exd4 cxd4 15. Re1 Bf5 16. c3 d3 17. g4 Be6 18. Qxd3 Rad8 19. Rad1 Bxg4 20. f3 Bc8 21. Qe3 Kh8 {Salzmann,P-Otto,A Germany 1995 1-0 (40)}) 10. Ne1 Nc6 11. e3 Bh6 12. Ne2 f5 13. c3 Be6 14. Nc2 Ne7 15. a4 g5 16. f4 exf3 17. Rxf3 Ng6 18. Qd2 Qd6 19. Nb4 f4 20. exf4 gxf4 21. gxf4 Nxf4 {Tairi,A (1950)-Mitkovski,Z (2165) Skopje 2011 0-1 (54)}) 7... Nxc3 8. bxc3 c6 9. h4 h5 10. Rb1 Nd7 11. Bh3 $6 {Inaccuracy. O-O was best.} (11. O-O b5) 11... Nb6 12. Bxc8 Qxc8 13. Ne5 Nd7 14. Nd3 c5 15. e3 c4 $6 {Inaccuracy. b6 was best.} (15... b6 16. g4 cxd4 17. cxd4 hxg4 18. Qxg4 Qxc2 19. Qd1 Qxd1+ 20. Kxd1 Nf6 21. f3) 16. Nb4 $6 {Inaccuracy. Ne5 was best.} (16. Ne5) 16... Nb6 17. Qf3 $6 {Inaccuracy. a3 was best.} (17. a3 f6) 17... Qd7 18. e4 e6 $6 {Inaccuracy. Qe6 was best.} (18... Qe6) 19. e5 $6 {Inaccuracy. a3 was best.} (19. a3 dxe4) 19... Qc7 $2 {Mistake. a5 was best.} (19... a5 20. Nd3 cxd3 21. Rxb6 Qc7 22. Rb5 Qxc3+ 23. Kf1 Qxc2 24. Rb3 d2 25. Kg2) 20. a3 Qd7 21. Bg5 f6 22. exf6 Bxf6 23. Qe3 $6 {Inaccuracy. Bxf6 was best.} (23. Bxf6) 23... Qe7 24. f4 $6 {Inaccuracy. Bf4 was best.} (24. Bf4 Rae8 25. O-O Nc8 26. Rfe1 Rf7 27. Na2 Qxa3 28. Nc1 Qf8 29. Ne2 Bg7) 24... Bxg5 $6 {Inaccuracy. Nc8 was best.} (24... Nc8 25. Na2) 25. hxg5 Nc8 26. Kd2 $4 {Blunder. g4 was best.} (26. g4 Qf7 27. gxh5 gxh5 28. Qe5 Ne7 29. g6 Qxg6 30. Rxh5 Qg3+ 31. Kd2 Qf2+) 26... Qf7 $4 {Blunder. a5 was best.} (26... a5) 27. Qe5 Qf5 28. Rbe1 $6 {Inaccuracy. Na2 was best.} (28. Na2 Qxe5) 28... Qxe5 29. Rxe5 a5 30. Na2 Kf7 31. Rhe1 (31. Nc1 Nd6 32. Ne2 Rfe8 33. Ke3 b5 34. Kf3 Reb8 35. f5 exf5 36. Nf4 Ne4 37. Kg2 b4 38. g4 fxg4) 31... Nd6 {PRECISÃO: BRANCAS 87% PRETAS 87%} 32. Rxe6 Ne4+ {0-1 Black wins.} 0-1

[Event "MAGISTRAL ALBERTO LOMBARDI 0 CMUN 2025"]
[Site "Rio de Janeiro"]
[Date "2025.10.16"]
[Round "6.1"]
[White "Bastos Pinto, Selmo"]
[Black "Santos Filho, Tadeu Sousa"]
[Result "1-0"]
[WhiteElo "2066"]
[BlackElo "2023"]
[Annotator "Chessbase - SF 17.1"]
[PlyCount "99"]
[EventDate "2025.??.??"]

{[%evp 0,99,80,5,75,66,18,44,66,87,87,43,88,15,18,18,29,14,7,-21,-14,7,21,35,41,6,26,28,28,16,16,35,63,34,61,1,-6,-2,-7,-18,99,77,136,100,216,225,213,218,244,198,196,72,291,293,395,268,271,254,287,113,152,160,171,168,171,176,221,215,226,171,163,140,140,183,153,152,228,228,374,236,248,248,256,263,264,264,314,441,529,598,643,639,726,615,650,669,737,737,747,710,861,1059]} 1. d4 e6 2. Nf3 d5 3. Bf4 c5 4. e3 Nf6 5. Nbd2 Bd6 6. Bg3 O-O 7. c3 b6 8. Ne5 Qc7 9. f4 Bb7 10. Bd3 Ba6 11. Bxa6 Nxa6 12. Qe2 $146 (12. O-O Rac8 13. a4 Rfd8 14. Bh4 Be7 15. Bxf6 Bxf6 16. Qg4 Qe7 17. Rf3 Nb8 18. Rh3 Nd7 19. Qh5 Nf8 20. Rg3 cxd4 21. exd4 g6 22. Qh3 Bg7 23. Ng4 h5 24. Ne5 Qf6 25. Rf1 Qf5 26. Qxf5 exf5 {Vasquez Gomez,E-Aguiar Oyuela,L (1162) Bucaramanga 2022 1-0 (43)}) 12... Qb7 13. O-O Nc7 14. f5 Rad8 15. Bh4 Nce8 16. Ng4 $6 {Inaccuracy. fxe6 was best.} (16. fxe6 fxe6) 16... Be7 17. Nxf6+ Nxf6 18. g4 $6 {Inaccuracy. fxe6 was best.} (18. fxe6 fxe6) 18... Ne8 19. Bg3 c4 $2 {Mistake. exf5 was best.} (19... exf5 20. gxf5) 20. e4 dxe4 $6 {Inaccuracy. exf5 was best.} (20... exf5 21. gxf5) 21. fxe6 f6 $6 {Inaccuracy. fxe6 was best.} (21... fxe6 22. Rxf8+) 22. Rae1 b5 23. Qxe4 Qb6 24. Rf5 g6 25. Rd5 $2 {Mistake. Rf2 was best.} (25. Rf2 Ng7 26. Qg2 f5 27. h3 Qa6 28. a3 Qc8 29. Rfe2 a5 30. Nf3 b4) 25... Ng7 $4 {Blunder. f5 was best.} (25... f5 26. Qe5) 26. Rd7 Rde8 27. Qb7 Qxb7 28. Rxb7 f5 29. Be5 $6 {Inaccuracy. d5 was best.} (29. d5 Bc5+ 30. Kg2 h5 31. g5 f4 32. Bf2 f3+ 33. Nxf3 Bxf2 34. Kxf2 Rf4) 29... Nxe6 30. gxf5 Rxf5 31. Bg3 Bg5 32. Ne4 Be7 33. Rxa7 b4 34. Nd6 Bxd6 35. Bxd6 bxc3 36. bxc3 Rg5+ $6 {Inaccuracy. Nc7 was best.} (36... Nc7 37. Rxe8+ Nxe8 38. Be5 Nf6 39. Bxf6 Rxf6 40. Ra4 Rc6 41. Rb4 Kf7 42. Kf2) 37. Kh1 Rb5 38. a4 Rb3 39. Bb4 Nc7 40. Rxe8+ Nxe8 41. a5 Nf6 42. a6 Nd5 $6 {Inaccuracy. Rb1+ was best.} (42... Rb1+ 43. Kg2 Ra1 44. Ra8+ Kg7 45. Bf8+ Kf7 46. a7 Rxa7 47. Rxa7+ Kxf8 48. Kf3) 43. Rb7 Nxb4 $6 {Inaccuracy. Rb1+ was best.} (43... Rb1+ 44. Kg2 Rb2+ 45. Kf3 Rxh2 46. a7 Ra2 47. Ke4 Nf6+ 48. Ke5 Ng4+ 49. Kf4) 44. a7 Rb1+ 45. Kg2 Rb2+ 46. Kg3 Ra2 47. cxb4 Ra3+ 48. Kf2 Ra2+ 49. Ke3 Ra3+ {1-0 White wins. PRECISÃO: BRANCAS 94% PRETAS 89%} 50. Ke4 1-0

[Event "MAGISTRAL ALBERTO LOMBARDI 0 CMUN 2025"]
[Site "Rio de Janeiro"]
[Date "2025.10.16"]
[Round "6.2"]
[White "De Moura Silva, Guilherme"]
[Black "Manzi, Luiz Antonio Bardar"]
[Result "1-0"]
[WhiteElo "1968"]
[BlackElo "2058"]
[Annotator "Chessbase - SF 17.1"]
[PlyCount "79"]
[EventDate "2025.??.??"]

{[%evp 0,79,18,36,53,12,24,24,42,40,42,48,31,23,33,25,45,34,33,49,47,60,69,59,124,116,114,79,198,146,152,139,166,142,146,146,141,125,170,158,151,151,151,168,148,151,195,113,146,95,95,165,178,178,184,179,211,189,221,247,269,283,297,359,401,352,589,382,411,451,400,414,442,413,505,422,444,444,444,1098,1200,1255]} 1. e4 Nf6 2. Nc3 d5 3. exd5 Nxd5 4. d4 e6 5. Nf3 Be7 6. Bd3 Nc6 (6... O-O 7. O-O Nd7 8. Re1 N7f6 9. Nxd5 exd5 10. c3 Bg4 11. h3 Bh5 12. Bf4 Bd6 13. Bg5 Be7 14. Bf4 Bd6 15. Bg5 Be7 16. Bf4 {½-½ (16) Palac,M (2559)-Zelcic,R (2591) Stari Mikanovci 2008}) 7. a3 Bf6 $146 (7... O-O 8. h4 h6 9. g4 e5 10. Nxd5 Qxd5 11. dxe5 Rd8 12. Rg1 Nxe5 13. Nxe5 Qxe5+ 14. Be3 Bc5 15. Bh7+ Kxh7 16. Qxd8 Be6 17. Qd3+ Kg8 18. Qc3 Qe4 19. Qxc5 Re8 20. O-O-O Bxg4 21. Rd4 Qe6 22. Rdxg4 {Garcia Almaguer,J (2090)-Cueto,J (2134) chess.com INT 2023 1-0}) 8. Ne2 O-O 9. O-O e5 $6 {Inaccuracy. Nde7 was best.} (9... Nde7) 10. c4 Nde7 11. d5 Nb8 12. Ng3 Ng6 13. Ne4 $2 {Mistake. Re1 was best.} (13. Re1 a5 14. h3 c6 15. Be4 cxd5 16. cxd5 Be7 17. Nf5 Bxf5 18. Bxf5 Ra6) 13... c6 $2 {Mistake. Be7 was best.} (13... Be7 14. Ng3) 14. d6 Bg4 15. h3 Be6 16. Nxf6+ gxf6 17. c5 Nd7 18. b4 a5 19. Be3 f5 20. Ng5 f4 $6 {Inaccuracy. Nf6 was best.} (20... Nf6 21. f4 e4 22. Nxe6 fxe6 23. Bc4 Nd5 24. Bxd5 exd5 25. b5 Rf7 26. bxc6) 21. Nxe6 $6 {Inaccuracy. Qh5 was best.} (21. Qh5 Nf6 22. Qh6 axb4 23. Bd2 bxa3 24. Bxg6 hxg6 25. Nxe6 fxe6 26. Qxg6+ Kh8) 21... fxe6 22. Bd2 Nf6 $6 {Inaccuracy. Qg5 was best.} (22... Qg5 23. Qg4 Qxg4 24. hxg4 Kg7 25. Rfc1 axb4 26. axb4 h6 27. Bc3 Nh8 28. f3) 23. Bc3 Nd5 24. Bxg6 hxg6 25. Bxe5 Qg5 26. Re1 $6 {Inaccuracy. Qd4 was best.} (26. Qd4 Rf7 27. Kh2 Qf5 28. Rfe1 g5 29. f3 axb4 30. axb4 Rff8 31. Re4 Ne3) 26... Rf5 $2 {Mistake. Ne3 was best.} (26... Ne3 27. Qf3 Qxe5 28. Rad1 axb4 29. axb4 Ra4 30. fxe3 Rxb4 31. Qg4 Kg7 32. exf4) 27. Qd4 Kh7 28. Re4 a4 29. f3 Raf8 30. Rae1 R8f7 31. Qf2 Qh5 32. Bd4 Rg5 33. Re5 Ne3 34. Rxg5 Qxg5 35. Bxe3 fxe3 36. Qxe3 Qg3 37. f4 Qh4 38. Qxe6 Qxf4 $6 {Inaccuracy. Kh6 was best.} (38... Kh6 39. Qe5 Qxf4 40. Qxf4+ Rxf4 41. Re7 Kg5 42. Rxb7 Rd4 43. Kh2 Rd3 44. Rc7) 39. Qxf7+ Qxf7 40. Re7 {1-0 White wins. PRECISÃO: BRANCAS 95% PRETAS 90%} 1-0